[Event "RUS-Cup4"]
[Site "Perm"]
[Date "1997.??.??"]
[Round "9"]
[White "Khamatgaleev, Alexej"]
[Black "Kiriakov, Petr"]
[Result "0-1"]
[WhiteElo "2385"]
[BlackElo "2530"]
[Annotator "Finkel,A"]
[PlyCount "56"]
[EventDate "1997.02.02"]
[EventType "swiss"]
[EventRounds "9"]
[EventCountry "RUS"]
[SourceTitle "CBM 058"]
[Source "ChessBase"]
[SourceDate "1997.06.01"]
[SourceVersion "1"]
[SourceVersionDate "1997.06.01"]
[SourceQuality "1"]

1. e4 e6 2. d4 d5 3. Nc3 Nf6 4. Bg5 dxe4 5. Nxe4 Be7 6. Bxf6 gxf6 7. Nf3 f5 8.
Nc3 Bf6 9. Qd2 c5 10. Bb5+ (10. d5 exd5 11. Nxd5 Bxb2 $13) 10... Bd7 {N; 10...
Ke7 - 22/235} 11. O-O-O (11. Bxd7+ Nxd7 (11... Qxd7 12. O-O-O (12. d5 e5 $13)
12... Bxd4 13. Nxd4 cxd4 14. Qxd4 Qxd4 15. Rxd4 Nc6 16. Rd2 Rg8 17. g3 Rd8 18.
Rxd8+ Kxd8 19. Kd2 Ke7 20. Ke3 Rc8 21. f4 {1/2-1/2 Paz Daniel-Herraiz Herminio/
Ch Spain (juniors), Los Barrios (Spain) 1995}) 12. O-O-O Qa5 13. Kb1 O-O-O 14.
Qh6 Rhg8 15. g3 Bg7 16. Qf4 cxd4 17. Nxd4 a6 18. Rd2 Qe5 19. Qh4 Qf6 20. Qxf6
Nxf6 21. f3 h5 22. Rd3 h4 23. Nde2 Rxd3 24. cxd3 Rh8 25. Rg1 hxg3 26. hxg3 Rh2
27. g4 fxg4 28. fxg4 Kd7 29. Kc1 Nd5 30. Kd1 Ne3+ 31. Kd2 Ng2 32. g5 Nh4 33.
Rf1 Nf5 34. Ne4 Bd4 35. b3 Ke7 36. Rf3 Bb6 37. N4g3 Nd4 38. Rf4 Rg2 39. Re4
Nxe2 40. Nxe2 Rxg5 41. Kd1 Bc5 42. Rc4 Bd6 43. Nc3 f5 44. a4 Rg1+ 45. Ke2 Rg2+
46. Kf3 Rb2 47. Ke3 Rxb3 48. Ne2 Rb4 49. Rxb4 Bxb4 50. d4 Bd6 51. Nc1 {0-1 Sax,
G-Andersson,U/Reggio Emilia 1988}) (11. dxc5 a6 (11... Qc7 12. O-O-O a6 13. Ba4
Rg8 14. g3 Rg4 15. Bb3 Qxc5 16. Rhe1 Kf8 17. Qh6+ Bg7 18. Qh5 Be8 19. Ne4 Qc6
20. Neg5 h6 21. Rd8 hxg5 22. Nxg5 Ke7 23. Nxe6 Re4 24. Rxe8+ Qxe8 25. Rxe4 fxe4
26. Qc5+ Kf6 27. Qg5# {1-0 Raaste,E-Kanko,I/Helsinki 1989}) (11... O-O 12.
O-O-O Bxb5 13. Qh6 Bd7 14. Rd3 Bg7 15. Qh5 Qf6 {0-1 Hansen,S-Somlai,L/Budapest
IM 1992}) 12. Bxd7+ Nxd7 13. O-O-O (13. Na4 Qc7 14. O-O-O Nxc5 15. Nxc5 Qxc5
16. Qd7+ Kf8 17. Qd6+ Qxd6 18. Rxd6 Rg8 19. g3 Ke7 20. Rb6 Rab8 21. Re1 Rgd8
22. Ne5 Ke8 23. Re3 Rd5 24. f4 Bd8 25. Rbb3 Bc7 26. Red3 Rxd3 27. Rxd3 Bxe5 28.
fxe5 Rc8 29. Rd4 Rc5 30. Rh4 Rxe5 31. Kd2 Rd5+ 32. Ke2 Re5+ 33. Kd2 Rd5+ 34.
Ke2 Rb5 35. b3 Re5+ 36. Kd2 {1/2-1/2 Wedberg,T-Andersson,U/Haninge 1988}) 13...
Qc7 14. Qd6 Rc8 15. Nd5 Qxc5 16. Nxf6+ Nxf6 17. Qxc5 Rxc5 18. Rhe1 Rg8 19. g3
Ne4 20. Re2 Ke7 21. Nd4 (21. Ne1 h5 22. f3 Nf6 23. Ng2 Rc4 24. Ne3 Rc5 25. Ng2
{1/2-1/2 Romero Holmes Alfonso-Sion Castro Marcelino/It (cat.9) Leon (Spain)
1996}) 21... Rgc8 22. f3 Nd6 23. Rd3 h5 24. Nb3 R5c7 25. Rd4 Ne8 26. c3 {
1/2-1/2 Sax,G-Lautier,J/Clermont Ferrand 1989}) 11... Bxb5 12. Nxb5 Qb6 (12...
a6 13. Nc3 cxd4 14. Nxd4 Bxd4 15. Qxd4 Qxd4 16. Rxd4 Nc6 17. Rd2 Rd8 18. Rxd8+
Kxd8 19. Rd1+ Kc7 $14 {1/2-1/2 Reuther,E-Kette,S/NRW-I 1990}) 13. c4 $6 (13.
Qe2 $5 cxd4 $1 (13... a6 14. Nc3 Qa5 (14... cxd4 15. Nd5 Qd8 16. Nxf6+ Qxf6 17.
Nxd4 $36) 15. Nd5 Bd8 16. Kb1 Nc6 17. Nf4 $14) 14. Ne5 $1 (14. Nbxd4 Nc6 15.
Qb5 Qxb5 16. Nxb5 Ke7 17. Nbd4 Nxd4 18. Nxd4 Rhg8 $15) (14. Rhg1 $6 Nc6 $1 15.
Nd6+ Kf8 16. Nc4 Qa6 17. Kb1 Na5 $17) 14... O-O 15. f4 (15. Nxd4 $2 Qa5 $1 $17)
15... Rd8 (15... Nc6 16. Nd7) 16. g4 $44) 13... cxd4 14. Qf4 (14. Nfxd4 a6 15.
Nc3 O-O $1 $15 (15... Nc6 $6 16. Nxf5 $1 exf5 17. Rhe1+ Ne7 (17... Kf8 18. Qd6+
Kg7 19. Qxf6+ $1 Kxf6 20. Nd5+ Kg7 21. Nxb6 $18) 18. Nd5 Qd6 (18... Qc6 19. Qb4
$1 $16) 19. Re6 $3 Qxe6 20. Nc7+ Kf8 21. Nxe6+ fxe6 22. Qd7 Rc8 23. Qxe6 $14))
14... Na6 $1 {Not being afraid of ghousts!} 15. Nfxd4 (15. Nd6+ Ke7 $1 16. Nxd4
Rhg8 $1 17. Qe3 Kf8 $17) 15... O-O $6 (15... Rd8 $5) 16. Rd3 $6 (16. Nxf5 $1
exf5 (16... Bxb2+ $2 17. Kxb2 exf5 18. Rd6 Qc5 19. Qg5+ Kh8 20. Qf6+ Kg8 21.
Rd3 Qxf2+ 22. Ka1 f4 23. Rd5 $1 $18) 17. Rd6 Qa5 18. Rxf6 Qxa2 19. Rxf5 f6 $8
20. Nc3 $16) 16... Nc5 $15 17. Rg3+ Kh8 {Suddenly black king prooves to be
safer than his white opponent} 18. Kb1 Rg8 (18... Ne4 $5 $17) 19. Nb3 $6 {
Another dubious move after which white's position becomes nearly hopeless.
While after 19.Nd6! black still had to solve quiet difficult tasks} Ne4 $1 20.
Rxg8+ Rxg8 21. Rd1 Rxg2 $19 22. Qb8+ Kg7 23. N5d4 Nxf2 24. Rd2 Rg1+ 25. Kc2 Ne4
26. Rd3 Rg2+ 27. Kb1 Qb4 28. a3 Qxc4 0-1

[Event "Biel GM"]
[Site "Biel"]
[Date "2002.07.28"]
[Round "6"]
[White "Vallejo Pons, Francisco"]
[Black "Kortschnoj, Viktor Lvovich"]
[Result "0-1"]
[WhiteElo "2648"]
[BlackElo "2626"]
[Annotator "Finkel,A"]
[PlyCount "126"]
[EventDate "2002.07.22"]
[EventType "tourn"]
[EventRounds "10"]
[EventCountry "SUI"]
[EventCategory "16"]
[SourceTitle "CBM 091"]
[Source "ChessBase"]
[SourceDate "2002.11.12"]
[SourceVersion "1"]
[SourceVersionDate "2002.11.12"]
[SourceQuality "1"]

1. e4 e6 2. d4 d5 3. Nc3 Nf6 4. Bg5 dxe4 5. Nxe4 Be7 6. Bxf6 Bxf6 7. Nf3 Nd7 8.
Qd2 b6 9. O-O-O Bb7 10. Qf4 $5 (10. Bd3 Qe7 11. Qe2 (11. Rhe1 O-O-O 12. Qe2 Nb8
13. c3 h5 14. Kb1 g6 15. Ne5 Rhg8 16. Nxf6 Qxf6 17. Be4 $14 {Klovans,J-Smit,J/
Schwaebisch Gmuend 1998}) 11... O-O-O 12. Ba6 Rhe8 13. Bxb7+ Kxb7 14. Rd2 h6
15. Rhd1 $14 {Shepenkov-Livshits,S/Baku 1966}) 10... Qe7 (10... Bxe4 11. Qxe4
O-O 12. h4 Be7 13. Ne5 Nf6 14. Qf3 Qd5 15. Qxd5 exd5 $11 {Ribas,A-Paredes,A/
Merlo 1990}) 11. Bc4 (11. Bd3 O-O-O 12. Rhe1 Nf8 13. c3 Ng6 14. Qg3 Bh4 15. Qh3
Bf6 16. g3 $14 {Westman,J-Ek,H/Malmo 1966}) 11... O-O-O 12. Rhe1 Nf8 13. g3 ({
Some attention deserved} 13. a3 $5 {not letting black to activate his queen}
Ng6 14. Qe3 Nh4 15. Nxh4 Bxh4 16. g3 Bf6 17. f4 Kb8 18. Kb1 $14) 13... Ng6 14.
Qe3 Kb8 15. h4 (15. a3 $5) 15... Qb4 16. Bb3 h6 {[%csl Gg5][%cal Gg6e7]} 17.
Qe2 Qa5 18. c3 (18. Nxf6 gxf6 19. c3 Qh5 20. Nd2 Qxe2 21. Rxe2 $14) 18... Qh5
19. Nfd2 Qxe2 20. Rxe2 h5 21. Rde1 {For some reason white refraines from
taking on f6 even though it promised him slightly better chances.} (21. Nxf6
gxf6 22. Ne4 (22. f4 $6 Ne7 {[%csl Rg3]}) 22... Bxe4 23. Rxe4 f5 24. Re3 Ne7
25. Bc4 $14 {[%cal Gc4f1,Gf1g2,Gc1c2]}) 21... Ne7 22. Nf3 Nf5 23. Nfg5 Nh6 24.
Nd2 Bd5 25. Nc4 Kc8 26. Ne3 {The position is equal and following manouvres
don't change this assesment untill white makes a series of inaccuracies
letting black to transpose to winning rooks endgame.} (26. Ne5 Bxb3 27. axb3
Bxe5 28. dxe5 Rd7 $11) 26... Bxb3 27. axb3 a5 28. Ne4 Kb7 29. Kc2 (29. Nxf6
gxf6 30. Ng2 Nf5 31. Kc2 c5 32. dxc5 bxc5 $14) 29... Be7 30. Ra1 Rhe8 31. Ree1
Nf5 32. Nc4 Bf6 33. Ra2 $6 Nd6 34. Nexd6+ cxd6 35. d5 $5 Re7 (35... exd5 $2 36.
Rxe8 Rxe8 37. Nxd6+ $18) 36. Rd1 $6 {More sense would make} (36. Raa1 exd5 37.
Rxe7+ Bxe7 38. Ne3 d4 39. Nd5 Bf8 40. cxd4 $11 {with equality.}) 36... exd5 37.
Rxd5 (37. Ne3 d4 38. cxd4 Re4 $15) 37... Kc6 38. Rd2 d5 39. Ne3 (39. Ra1 Red7
40. Ne3 d4 $15) 39... d4 $1 {Now black is in charge of the situation due to
awfull position of the rook on a2.} 40. cxd4 Rxd4 41. Rxd4 Bxd4 42. Nf5 Rd7 43.
Nxd4+ Rxd4 {[%csl Ra2]} 44. Ra1 Rd6 {[%cal Gd6f6]} 45. Rf1 (45. Re1 Rf6 46. Re2
Rf3 $1 $17 {[%csl Rb3,Rf2][%cal Gf7f4]}) 45... Re6 46. Kd2 Rd6+ 47. Kc2 Rg6 48.
Rd1 Re6 49. Rd2 (49. Kd2 $2 Rd6+ 50. Kc2 Rxd1 51. Kxd1 Kc5 52. Kc2 Kb4 53. f3
f5 54. f4 g6 $22 $19) 49... Re1 50. Kd3 Kc5 51. Kc2 g6 $22 52. f4 (52. Kd3 Rc1
$19 {[%csl Rb3][%cal Gc5b4]}) 52... Re3 53. Rd7 f5 54. Rc7+ Kd5 55. Rc3 Rxc3+
$1 56. Kxc3 Ke4 57. Kc4 Kf3 58. Kb5 Kxg3 59. Kxb6 Kxh4 60. Kxa5 Kg4 61. b4 h4
62. b5 h3 63. b6 h2 (63... h2 64. b7 h1=Q 65. b8=Q Qa1+ 66. Kb6 Qxb2+ $19) 0-1

[Event "Hamburg m"]
[Site "Hamburg"]
[Date "1999.10.21"]
[Round "6"]
[White "Leko, Peter"]
[Black "Bunzmann, Dimitrij"]
[Result "1-0"]
[WhiteElo "2701"]
[BlackElo "2596"]
[Annotator "Finkel,A"]
[PlyCount "67"]
[EventDate "1999.10.16"]
[EventType "match"]
[EventRounds "6"]
[EventCountry "GER"]
[SourceTitle "CBM 074"]
[Source "ChessBase"]
[SourceDate "2000.02.01"]
[SourceVersion "1"]
[SourceVersionDate "2000.02.01"]
[SourceQuality "1"]

{[%mdl 36]} 1. e4 {McShane} e6 2. d4 d5 3. Nc3 Nf6 4. Bg5 dxe4 5. Nxe4 Be7 6.
Bxf6 gxf6 7. Nf3 b6 8. Bd3 Bb7 9. Qe2 c6 10. c4 $5 {The begining of very
logical and efficient plan ,which was perfectly carried out in the game:white
intends to castle kingside and then to advance the pawns on the queenside,
trying to nuetralize the bishop b7.} (10. O-O-O Qc7 11. Kb1 Nd7 12. Rhe1 (12.
c4 O-O-O 13. d5 Kb8 14. dxe6 fxe6 15. Bc2 Rhe8 $13 {Lanka,Z-Andersson,U/
Tilburg 1994}) 12... O-O-O 13. Ba6 Bxa6 14. Qxa6+ Kb8 15. Qe2 Rhe8 {So spielt
Ulf Andersson. Die prinzipiell andere Möglichkeit besteht darin, einen R nach
g8 zu spielen.} 16. c4 Nf8 $132 {Gallagher,J-Zueger,B/Biel Credis 1996}) (10.
O-O Nd7 11. c4 Qc7 12. a4 Rg8 (12... a5 13. Rac1 O-O-O $5 {Das scheint neu zu
sein. Wegen der Kontrolle der schwarzen Felder, insbesondere b4, dürfte der
schwarze König nicht sehr gefährdet stehen.} 14. c5 {Damit ist die schwarze
Stellung nicht zu erschüttern.} bxc5 15. dxc5 Ne5 $1 16. Nd6+ $13 {
Keitlinghaus,L-Knaak,R/BL9798}) 13. a5 bxa5 14. c5 Nf8 15. Ned2 Ng6 16. Bxg6
hxg6 17. Nc4 $16 {Gdanski,J-Nikolenko,O/POL-chT 1994}) 10... Nd7 11. Nc3 Qc7
12. O-O O-O-O $6 {More logical would be refrein from castling queenside.} (
12... Qf4 $5) (12... O-O 13. Rad1 Rfe8 14. Rfe1 Nf8 15. g3 $14) 13. Rfd1 $1 Kb8
{McShane: 'The position is finely balanced. White has more space, but Black
has an open g-file against the white king and possesses the bishop pair, which
will become more useful as the game opens up.'} (13... c5 14. d5 (14. Be4 $5)
14... Ne5 15. Nxe5 Qxe5 16. Qxe5 fxe5 17. dxe6 fxe6 18. Be4 $14 {[%csl Re5,Re6]
}) 14. a3 Nf8 15. b4 Ng6 16. Qe3 $14 {Preparing the retreat of the bishop in
case of Nf4} Nf4 $2 {Black doesn't have a time to create te counterplay on the
kingside so better was} (16... Qf4 17. c5 Qxe3 18. fxe3 f5 $14 {with
counterchanses.}) 17. Bf1 Rhg8 18. c5 {'!' McShane. McShane: 'preventing c6-c5
and therefore shutting out the b7 bishop from the assault on g2.'} Rg7 $6 (
18... Ba6 $5 19. g3 (19. Bxa6 $2 Nxg2 20. Qe4 f5 $1 21. Qe5 Nh4+ $17) (19. b5
cxb5 20. g3 bxc5 21. Nxb5 Bxb5 22. Rab1 a6 23. a4 $36) 19... Bxf1 20. Kxf1 Nd5
21. Nxd5 Rxd5 22. cxb6 $14) 19. Rac1 b5 {McShane: 'Ruling out ideas of cxb6
and Nb5.'} 20. a4 a6 21. g3 h5 22. axb5 axb5 23. d5 $1 $16 {Typical sacrifice
for such a kind of positions:white knight comes to d4 from where it will
threaten to come to f5 or white may sacrifice a bishop on b5 with decisive
attack. '!!' McShane. McShane: 'An excellent positional pawn sacrifice. It
leaves the black bishops boxed in by their own pawns and opens lines to attack
the black position. '} Nxd5 (23... exd5 24. Nd4 $1 {[%cal Gd4f5,Gf1b5,Gc5c6]}
Ne6 $8 (24... Bc8 $2 25. Qxe7 $1 $18) (24... Rg5 25. Ncxb5 cxb5 26. c6 Ba6 27.
Qa3 $18 {[%cal Gc1a1]}) 25. Bxb5 $1 cxb5 26. Ncxb5 Qe5 27. c6 Qxe3 28. fxe3
Rgg8 29. Nxe6 fxe6 30. c7+ Kc8 31. cxd8=Q+ $16) 24. Nxd5 Rxd5 (24... exd5 25.
Re1 Re8 26. Nd4 Rgg8 27. Qa3 $16 {[%cal Gc1a1]}) 25. Rxd5 exd5 26. Re1 Bd8 27.
Bh3 {[%cal Ge3h6] Covering square g4,not to let the black rook to come to play
via g4.} f5 {McShane: 'Bunzmann feels it is necessary to give the bishops some
air, but its still very grim.'} (27... Bc8 28. Qh6 $5 Rg6 29. Qxh5 Bxh3 30.
Qxh3 Qc8 31. Qxc8+ Kxc8 32. Nd4 Kd7 33. f4 {[%cal Gd4f5,Gh2h6]} f5 34. Ra1 $1
$18) 28. Bxf5 Rg8 29. Qh6 $1 $18 {Now the material losses are inevitable} Be7
30. Ne5 Bg5 31. Qxh5 {McShane: 'Now black is a pawn down.'} Bd2 32. Nd7+ Ka7
33. Ra1+ Ba6 34. Qxf7 1-0

[Event "Corus-B"]
[Site "Wijk aan Zee"]
[Date "2004.01.22"]
[Round "10"]
[White "Bruzon Batista, Lazaro"]
[Black "Hamdouchi, Hicham"]
[Result "1-0"]
[WhiteElo "2603"]
[BlackElo "2588"]
[Annotator "Finkel,A"]
[PlyCount "85"]
[EventDate "2004.01.10"]
[EventType "tourn"]
[EventRounds "13"]
[EventCountry "NED"]
[EventCategory "13"]
[SourceTitle "CBM 099"]
[Source "ChessBase"]
[SourceDate "2004.03.30"]
[SourceVersion "1"]
[SourceVersionDate "2004.03.30"]
[SourceQuality "1"]

1. e4 e6 2. d4 d5 3. Nc3 Nf6 4. Bg5 dxe4 5. Nxe4 Be7 6. Bxf6 Bxf6 7. Nf3 Nd7 8.
Qd2 O-O 9. O-O-O b6 10. Bd3 Bb7 11. h4 Rb8 $6 {A very dubious decision. I
guess the idea is to protect the bishop on b7, which could be important in
some lines, but on the other hand such a waste of time in the opening isn't
justified under the circumstances.} (11... c5 12. Nfg5 h6 13. Nd6 Qc7 14. Nxb7
Qxb7 15. Bh7+ Kh8 16. Qd3 c4 17. Qe4 Qxe4 18. Bxe4 Rac8 19. c3 $14 {
Kovalevskaya,E-Hanley,C/Gausdal 2003}) (11... Be7 12. Qf4 (12. Rh3 Nf6 13.
Nxf6+ Bxf6 14. Ng5 g6 (14... h6 15. Nh7 Re8 16. Nxf6+ Qxf6 17. g4 e5 18. dxe5
Qxe5 19. g5 $14 {Guliev,L-Gouliev,N/Baku 2002}) 15. c3 c5 16. dxc5 bxc5 17. Qe3
Qe7 18. Rg3 $36 {Fercec,N-Dittmar,P/Arco 2001}) (12. Qe2 Nf6 13. Neg5 Qd6 14.
Kb1 c5 15. dxc5 Qxc5 16. Ne5 Rac8 $2 17. Nd7 $18 {Baklan,V-Gouliev,N/Metz 2003}
) 12... Nf6 13. c4 (13. Nxf6+ Bxf6 14. Ng5 g6 15. c3 Bxg2 16. Rhg1 Bxg5 17.
hxg5 Bb7 18. Rg3 $44 {Saulin,D-Pushkov,N/Tula 2001}) 13... c5 14. dxc5 Qb8 15.
Qxb8 Rfxb8 16. Nxf6+ Bxf6 {1/2-1/2 Sax,G-Komarov,D/Montecatini Terme 2000/EXT
2001 (16)}) 12. Qf4 c5 13. Neg5 {[%csl Rh7]} h6 (13... Bxf3 14. Bxh7+ Kh8 15.
Qxf3 (15. gxf3 cxd4 16. Bd3 Ne5 17. Qe4 g6 18. f4 Nxd3+ 19. Rxd3 Qd5 20. Qxd5
exd5 21. h5 $16) 15... g6 16. Bxg6 fxg6 17. Nxe6 Qe7 18. Nxf8 Rxf8 19. Qg4 $16)
14. Bh7+ Kh8 15. Be4 {It appears that black has nothing better than to take on
e4, which means ...Rb8 was just a waste of tempo!} Bxe4 (15... Qc8 16. d5 (16.
Ne5 Bxe5 17. dxe5 Kg8 18. Bxb7 Qxb7 19. Ne4 f6 $14) 16... exd5 17. Bxd5 Bxd5
18. Rxd5 Rb7 19. Ne4 Be7 20. Rhd1 Nf6 21. Nxf6 Bxf6 22. g4 Qe6 23. g5 $36) 16.
Qxe4 g6 17. d5 $1 {[%csl Rd7]} e5 $6 {Another inaccuracy after which nothing
can save black.} (17... exd5 18. Qxd5 Ne5 19. Nxe5 Qxd5 20. Rxd5 Bxe5 21. Rxe5
hxg5 22. hxg5+ $16) 18. Ne6 $1 $18 {Very nice and simple blow leading to a
decisive advantage.} fxe6 19. dxe6 Bg7 20. exd7 Qf6 21. Rd5 Qf4+ 22. Qxf4 exf4
23. Ne5 Bxe5 24. Rxe5 Kg7 25. Rd1 Rbd8 (25... Kf6 26. Re4 f3 27. g4 $18) 26.
Rd6 {[%csl Rg6]} Rf6 27. Re7+ Rf7 28. Ree6 Rfxd7 29. Rxg6+ Kf8 30. Rgf6+ Kg7
31. Rxd7+ Rxd7 32. Rxf4 Kg6 33. g3 Kh5 34. Rf6 Rd8 35. Rf7 Rd6 36. Rxa7 Rf6 37.
f4 Rg6 38. Ra3 Kg4 39. Rd3 Re6 40. a4 c4 41. Rc3 Re1+ 42. Kd2 Rf1 43. b3 1-0

[Event "FRA-ch"]
[Site "Val d'Isere"]
[Date "2002.08.28"]
[Round "9"]
[White "Lautier, Joel"]
[Black "Marcelin, Cyril"]
[Result "1-0"]
[WhiteElo "2663"]
[BlackElo "2470"]
[Annotator "Finkel,A"]
[PlyCount "69"]
[EventDate "2002.08.19"]
[EventType "tourn"]
[EventRounds "11"]
[EventCountry "FRA"]
[EventCategory "13"]
[SourceTitle "CBM 091"]
[Source "ChessBase"]
[SourceDate "2002.11.12"]
[SourceVersion "1"]
[SourceVersionDate "2002.11.12"]
[SourceQuality "1"]

1. d4 e6 2. e4 d5 3. Nc3 Nf6 4. Bg5 dxe4 5. Nxe4 Be7 6. Bxf6 Bxf6 7. Nf3 Nd7 8.
Qe2 $5 {Very rare continuation which used to be popular quite a while ago.} (8.
Bc4 Be7 (8... Qe7 9. Qe2 c5 (9... c6 10. O-O O-O 11. Rfe1 b6 12. Rad1 Bb7 13.
c3 Rfd8 14. Ba6 Bxa6 15. Qxa6 $14 {Ragozin,V-Kan,I/Leningrad 1934}) 10. O-O O-O
11. Qe3 b6 12. d5 exd5 13. Bxd5 Rb8 $13 {Emma,J-Valerio,J/Thea 1970}) 9. Qe2 (
9. O-O O-O 10. Qe2 c6 11. Rad1 Qc7 12. Rfe1 Qf4 13. g3 Qc7 14. c3 Rd8 15. Nfg5
Nb6 16. Bd3 h6 17. Nf3 $14 {Clarke,P-Troeger,P/Budapest 1960}) 9... c6 10.
O-O-O Qc7 11. Kb1 b6 12. h4 h6 13. Ng3 Bb7 14. Ne5 $14 {Short-Nikolaiczuk/
Dortmund (3) 1986}) (8. g3 O-O 9. Bg2 e5 10. d5 Be7 11. O-O Bd6 12. c4 b6 $11 {
Prins,L-Kinzel,A/Bern 1962}) 8... b6 (8... Qe7 9. O-O-O O-O 10. g4 g6 11. h4
Bg7 12. h5 b6 13. Qe3 Bb7 $132 {Vesely,J-Fichtl,J/Prague 1953}) (8... O-O 9.
O-O-O Be7 $1 10. Kb1 b6 11. g4 Bb7 12. Rg1 c5 13. g5 (13. dxc5 Bxe4 14. Qxe4
Nxc5 $10) 13... Qc7 14. Bh3 Kh8 $132 {Bogoljubow,E-Alekhine,A/GER/NLD 1929}) 9.
O-O-O Qe7 (9... Bb7 $6 10. d5 e5 (10... Bxd5 11. Nxf6+ Nxf6 12. c4 $16 {
[%cal Gd1d8]}) 11. d6 $1 Bxe4 12. Qxe4 $16) 10. Ne5 $1 Bb7 (10... Bxe5 11. dxe5
Nxe5 12. Qb5+ Nd7 13. Qc6 Rb8 14. Qxc7 $16) 11. f4 O-O-O 12. c3 $14 Bxe5 $6 ({
It was necessary to play} 12... c5 $1 {with very unclear position} 13. Rd2 $5 (
13. Nxf7 $6 Bxe4 14. Nxh8 Bb7 $15 {[%csl Rh8]}) (13. Kb1 $2 cxd4 14. cxd4 Nxe5
15. fxe5 Bxe5 $1 16. dxe5 Rxd1+ 17. Qxd1 Bxe4+ $17) 13... cxd4 14. cxd4 Kb8 $13
) 13. fxe5 f6 14. exf6 Nxf6 15. Nd2 $1 {White knight is making his way to e5!}
Rhf8 (15... c5 16. dxc5 bxc5 17. Rg1 e5 18. g3 e4 $132) 16. Rg1 Rde8 17. Nf3
Nd7 18. Re1 Qf6 (18... Bxf3 19. gxf3 Kb8 20. Qe4 Nf6 21. Qe5 $16) 19. Qe3 g6 (
19... Bxf3 20. gxf3 g6 21. Rg3 $14) 20. Ng5 $5 Qf4 21. Nxh7 Qxe3+ 22. Rxe3 Rh8
23. Bd3 $5 {Probably this move is even better than} (23. Ng5 Rxh2 24. Rxe6 Rf8
25. Nf3 $16 {and white is a pawn up in the endgame.}) 23... Rxh7 24. Bxg6 Reh8
25. Bxh7 Rxh7 26. Rxe6 Bd5 27. Re8+ Kb7 28. h3 Bxa2 29. Re3 $1 {[%cal Gg2g4]}
Nf8 (29... Kc6 30. g4 Kd6 31. Rf1 Bd5 32. Rf2 $16) 30. g4 Ng6 $6 31. Rf1 Bd5
32. Rf6 Nh4 (32... Rg7 33. Kd2 Nh4 34. Ke2 $18 {[%cal Ge2f2,Gf2g3]}) 33. Re5
Bg2 34. Rh5 Rxh5 35. gxh5 (35. gxh5 Bxh3 36. h6 Bf5 37. Rxf5 Nxf5 38. h7 $18)
1-0

[Event "FRA-ch"]
[Site "Val d'Isere"]
[Date "2002.08.25"]
[Round "7"]
[White "Degraeve, Jean Marc"]
[Black "Bauer, Christian"]
[Result "1-0"]
[WhiteElo "2586"]
[BlackElo "2550"]
[Annotator "Finkel,A"]
[PlyCount "51"]
[EventDate "2002.08.19"]
[EventType "tourn"]
[EventRounds "11"]
[EventCountry "FRA"]
[EventCategory "13"]
[SourceTitle "CBM 091"]
[Source "ChessBase"]
[SourceDate "2002.11.12"]
[SourceVersion "1"]
[SourceVersionDate "2002.11.12"]
[SourceQuality "1"]

1. e4 e6 2. d4 d5 3. Nc3 Nf6 4. Bg5 dxe4 5. Nxe4 Be7 6. Bxf6 gxf6 7. Nf3 f5 8.
Nc3 Bf6 9. Qd2 c5 10. d5 exd5 {Very dangerous line for black demanding serious
opening preparation, because every mistake may turn to be lethal.} (10... O-O
11. O-O-O e5 (11... Bg7 12. Qe3 Qb6 13. Ne5 exd5 14. Nxd5 Qe6 15. Nc4 Bh6 $13 {
Glek,I-Luther,T/Germany 1993/GER-chT}) 12. h4 Bg7 (12... Nd7 13. d6 $1 $14 Nb6
14. Qe3 e4 15. Ng5 Bd7 16. g4 $5 Bd4 17. Rxd4 cxd4 18. Qxd4 $36 {Lau,R-Sakaev,
K/Dortmund 1991/CBM 23}) 13. Kb1 Nd7 14. Be2 b5 15. Qg5 Qa5 16. Nd2 c4 17. Qxf5
Nc5 18. Qg5 f5 $132 {Vujakovic,B-Dizdar,G/Zlatibor 1989/EXT 2000}) (10... e5
11. h4 Nd7 12. O-O-O e4 13. Ng5 h6 14. Nh3 Bd4 15. Nb5 Be5 16. d6 $16 {Brodsky,
M-Kiriakov,P/Nizhnij Novgorod 1998/EXT 2000}) 11. Nxd5 (11. Qe3+ Be6 12. Qxc5
Nd7 13. Bb5 Rc8 14. Qe3 a6 (14... O-O 15. O-O a6 16. Bxd7 Qxd7 17. Nd4 Qd6 18.
Nce2 Kh8 19. Rad1 Rg8 20. f4 $14 {Arnason,J-Bjarnason,S/Reykjavik 1989/CBM 13})
15. Bxd7+ Qxd7 16. Nd4 Rg8 17. O-O Bxd4 18. Qxd4 Rc4 19. Qe5 $14 {Arnason,
J-Skembris,S/Thessaloniki 1988/TD}) 11... Bxb2 12. Rd1 Be6 13. Bc4 (13. Bb5+ $5
Nc6 14. O-O a6 (14... O-O $2 15. c3 $1 Ba3 16. Qh6 Bxd5 17. Ng5 Re8 18. Qxh7+
Kf8 19. Qh6+ Kg8 20. c4 $18) 15. c4 $5 Bg7 16. Qf4 Rc8 17. Bxc6+ bxc6 (17...
Rxc6 $2 18. Nb4 $16) 18. Qg3 O-O $15 {Zhang Zhong-Kiriakov,P/Hastings 2001})
13... Bg7 14. O-O O-O 15. Qf4 Nd7 16. Rfe1 Rc8 17. Ng5 Rc6 $2 {This move is a
novelty, but I doubt someone will try it again!} (17... Kh8 18. Rxe6 fxe6 19.
Nxe6 $14 {Tseshkovsky,V-Dobosz,H/Lubniewice 1995/EXT 97}) 18. Nxe6 fxe6 19.
Rxe6 $1 {I'm sure black missed this strong move while playing 17...Rc6} Kh8 (
19... Rxe6 20. Nc7 $1 $18 {[%cal Gc4g8,Gd1d8]}) 20. Rxc6 bxc6 21. Nc7 $1 $18 {
[%cal Gc7e6] Black can't defend against numerous threats} Be5 (21... Rf6 22.
Be6 $18) (21... Qe7 22. Ne6 Rf6 23. Qc7 $18) 22. Qh6 Rf6 (22... Bxc7 23. Rxd7 {
[%csl Rf8]} Qxd7 24. Qxf8#) 23. Qg5 {[%csl Gg8]} Bxh2+ (23... h6 24. Rxd7 $1)
24. Kxh2 Qxc7+ 25. Kg1 Qd8 (25... Rf8 26. Qe7 Rd8 27. Be6 $18) 26. Rxd7 1-0